00457nam a2200181Ia 4500003000400000005001700004008004100021040000700062041000800069082001900077100002600096245004900122260003800171300001100209365000800220650003100228650001600259OSt20230630090131.0210423s9999 xx 000 0 und d cAL aeng a361.3 TSAG223 aTSANG (Ka Tatspeaker) aGlobatization and the social work profession bAllumni associationaKanpurc2003 a16bPB cINR aSocial Problems & Services aSocial Work